000 00383nam a2200145 4500
001 126208
003 ES-MaACL
005 20230906192757.0
007 t|
008 070214s1916 fr r ||||1| spa d
100 1 _aRebolledo, Efrén.
_995707
245 1 3 _aEl águila que cae
_b: tragedia /
_cEfrén Rebolledo.
260 _aParis :
_b[s.n.],
_c1916.
852 _aES-MaACL
_j1562-F-2
999 _c126208
_d126208